000 00380nam a2200133Ia 4500
008 100328s9999 xx 000 0 und d
082 _b66592
100 _aटोळ दत्ता श्री.
245 _aकल्पनाराणी.
260 _bउमा.
630 _aकल्पनाराणी.
730 _aकल्पनाराणी.
942 _cBOOK
999 _c552331
_d552328